000 00703nam a22001937a 4500
999 _c15467
_d15467
003 MIRAKIL
005 20240223104032.0
008 240223b tu ||||| |||| 00| 0 tur d
040 _aTR-AnCHP
_cTR-AnCHP
041 _atur
082 _a342.5610853
_bB27 2021
245 1 0 _a Basın Konseyi basın özgürlüğü raporu 2020 /
_cyayına hazırlayan : genel sekreterlik.
260 _aİstanbul :
_bBasın Konseyi,
_c2021.
300 _a520 sayfa :
_bresim ;
_c29 cm.
650 0 _96292
_aBasın
_xKonsey
_y2020
_zTürkiye
650 0 _97590
_aBasın özgürlüğü
_xRaporlar
_y2020
_zTürkiye
856 _zDijital Nüshası için Partimizin Kütüphane Sorumlusu ile iletişime geçiniz.
942 _2ddc
_cBKS